| 000 | 00558nam a2200181Ia 4500 | ||
|---|---|---|---|
| 005 | 20250423101228.0 | ||
| 008 | 250422s9999 xx 000 0 und d | ||
| 020 | _a7981439814208 | ||
| 050 | _aTN 281 .D75/ | ||
| 245 | 4 | _aThe drilling manual | |
| 250 | _a5th ed. | ||
| 260 | _aNew York | ||
| 260 | _bADITC Australian drilling industry traning committee limited | ||
| 260 | _c2015 | ||
| 300 | _a780 p | ||
| 650 | _a Boring--Handbooks, manuals, etc. Boring machinery--Handbooks, manuals, etc. Bits (Drilling and boring) Prospecting. | ||
| 942 | _cBK | ||
| 999 |
_c35678 _d35678 |
||